00790nam a2200181 a 450000100080000000500110000800800410001924500380006026000480009852003330014665300090047965300240048865300240051265300170053665300160055365300200056965300190058921429552025-09-26 1985 bl uuuu u00u1 u #d aO IGARAPÉh[electronic resource] a, v. 1, n. 1, p. 1-9, out./nov. 1985.c1985 aEste é o primeiro número do informativo interno da Embrapa Acre, lançado em 1985 pela Associação dos Empregados da Embrapa-UEPAE de Rio Branco que traz informações sobre assuntos diversos tais como: resultados de pesquisas, atividades lúdicas, reportagens, entre outros, visando a maior integração entre os empregados. aAcre aAmazonia Occidental aAmazônia Ocidental aEmbrapa Acre aInformativo aRio Branco (AC) aWestern Amazon